Study on consumer awareness of various life insurance products with special reference to ING vysya Mangalore (Record no. 215061)
[ view plain ]
| 000 -LEADER | |
|---|---|
| fixed length control field | 00645nam a2200157Ia 4500 |
| 008 - FIXED-LENGTH DATA ELEMENTS--GENERAL INFORMATION | |
| fixed length control field | 210719s2008 xx 000 0 und d |
| 041 ## - LANGUAGE CODE | |
| Language code of text/sound track or separate title | eng |
| 082 ## - DEWEY DECIMAL CLASSIFICATION NUMBER | |
| Classification number | 658.8 SIRS |
| 100 ## - MAIN ENTRY--PERSONAL NAME | |
| Personal name | SIRAJ (Moinudeen) |
| 245 ## - TITLE STATEMENT | |
| Title | Study on consumer awareness of various life insurance products with special reference to ING vysya Mangalore |
| 260 ## - PUBLICATION, DISTRIBUTION, ETC. | |
| Place of publication, distribution, etc. | Mangalore |
| Name of publisher, distributor, etc. | Department of Business Management St Aloysius College |
| Date of publication, distribution, etc. | 2008 |
| 300 ## - PHYSICAL DESCRIPTION | |
| Extent | 64 |
| Other physical details | HB |
| 650 ## - SUBJECT ADDED ENTRY--TOPICAL TERM | |
| Topical term or geographic name entry element | Project Reports |
| 650 ## - SUBJECT ADDED ENTRY--TOPICAL TERM | |
| Topical term or geographic name entry element | Project Reports |
| 906 ## - LOCAL DATA ELEMENT F, LDF (RLIN) | |
| a | awareness ; consumer ; ING ; insurance ; life ; Mangalore ; of ; on ; products ; reference ; special ; Study ; to ; various ; vysya ; with |
| Withdrawn status | Lost status | Damaged status | Not for loan | Collection code | Home library | Current library | Date acquired | Total Checkouts | Full call number | Barcode | Date last seen | Price effective from | Koha item type |
|---|---|---|---|---|---|---|---|---|---|---|---|---|---|
| Reference Book | St Aloysius Library | St Aloysius Library | 11/09/2009 | 658.8 SIRS | D03677 | 07/19/2021 | 07/19/2021 | Donated Books |